000 00395 a2200133 4500
999 _c9614
_d9614
050 _aKTZ2.2ZIM1990
100 _aAP de Bourbon, SC
_eeditor
245 _aThe Zimbabwe law reports 1990
_bpart 2
_cAP de Bourbon SC
264 _aHarare
_bLegal Resource Foundation
_c1990
300 _a416p.
500 _alaw reports
650 _aLaw---- law reports----Zimbabwe
942 _2lcc
_cSERIALS
_h2.2
_iZIM
_kKTZ